Mixed Word: Countries V Quiz Stats

 Plays Quiz Updated Apr 6, 2018

Score 0/17 Timer 03:00
1 Play Today
Scrambled Country.... ...Unscrambled Country % Correct
AAAFGHINNSTAfghanistan
97.6%
AGRUUUYUruguay
95.3%
AARTQQatar
95.2%
AEHIIOPTEthiopia
91%
ANMOOman
90.5%
AAIMNORRomania
78.3%
ABEIKNSTUZUzbekistan
75%
ACDEILNIceland
71.7%
AADHILNTThailand
70.9%
Scrambled Country.... ...Unscrambled Country % Correct
AADEGNRGrenada
59.7%
AABIIMNNamibia
59.1%
AAEIMNRArmenia
58.4%
The first letter from each answer will give you the mystery countryEquatorial Guinea
46.6%
AEEIRRTEritrea
44.9%
EHLOOSTLesotho
43.5%
ADEIINNOSIndonesia
42.4%
AAIRSTUAustria
41.8%

You're not logged in!

Compare scores with friends on all Sporcle quizzes.
OR
Log In

You Might Also Like...

Show Comments

Extras

Top Quizzes Today


Score Distribution

Your Account Isn't Verified!

In order to create a playlist on Sporcle, you need to verify the email address you used during registration. Go to your Sporcle Settings to finish the process.

Report this User

Report this user for behavior that violates our Community Guidelines.

Details: